| 000 | nam a22 a 4500 | ||
|---|---|---|---|
| 999 |
_c301 _d301 |
||
| 003 | AKMAL | ||
| 005 | 20170503102610.0 | ||
| 008 | 170503s1998 my 00 may d | ||
| 020 |
_a9835802491 (kkt.): _cRM |
||
| 040 | _aAKMAL | ||
| 082 | 0 | 4 | _a005.75 HOW |
| 090 | 0 | 0 |
_a005.75 _bHOW |
| 100 | 1 |
_aHowell, Dave _9672 |
|
| 245 | 1 | 0 |
_aFrontpage : _bcara mudah / _cpengarang Dave Howell ; alih bahasa Vincent Kong C.S. |
| 260 |
_aShah Alam : _bFederal Publications, _c1998 |
||
| 300 | 0 | 0 |
_a[158]ms. : _bil. ; _c23cm |
| 650 | 0 |
_aWeb sites _9673 |
|
| 650 | 0 |
_aWeb publishing _9674 |
|
| 700 | 1 |
_aKong, Vincent C.S. _9675 |
|
| 942 |
_2ddc _cBOOK |
||